Statystyki dla Wszystkie gminy w Polsce na literę L

Kliknij tutaj aby rozwiązać quiz!

Ogólne statystyki

  • Ten quiz został rozwiązany 7 razy
  • Średni wynik to 15 z 78

Statystyki odpowiedzi

WojewództwoGmina% Poprawnych
wielkopolskieLeszno
83%
mazowieckieLeszno
83%
warmińsko-mazurskieLidzbark
83%
warmińsko-mazurskieLidzbark Warmiński
83%
małopolskieLimanowa
83%
lubelskieLublin
83%
wielkopolskieLipno
67%
kujawsko-pomorskieLipno
67%
dolnośląskieLubań
67%
dolnośląskieLubin
67%
wielkopolskieLądek
50%
dolnośląskieLądek-Zdrój
50%
mazowieckieLegionowo
50%
dolnośląskieLegnica
50%
podlaskieLipsk
50%
lubelskieLubartów
50%
wielkopolskieLwówek
50%
dolnośląskieLwówek Śląski
50%
podkarpackieLeżajsk
33%
dolnośląskieLubawka
33%
kujawsko-pomorskieLubicz
33%
wielkopolskieLuboń
33%
małopolskieLanckorona
17%
podkarpackieLesko
17%
dolnośląskieLeśna
17%
mazowieckieLesznowola
17%
małopolskieLibiąż
17%
śląskieLipie
17%
mazowieckieLipsko
17%
wielkopolskieLisków
17%
warmińsko-mazurskieLubawa
17%
lubuskieLubniewice
17%
małopolskieLaskowa
0%
opolskieLasowice Wielkie
0%
podkarpackieLaszki
0%
mazowieckieLatowicz
0%
dolnośląskieLegnickie Pole
0%
mazowieckieLelis
0%
warmińsko-mazurskieLelkowo
0%
śląskieLelów
0%
opolskieLeśnica
0%
lubelskieLeśniowice
0%
łódzkieLgota Wielka
0%
pomorskieLichnowy
0%
pomorskieLinia
0%
pomorskieLiniewo
0%
małopolskieLipinki
0%
lubuskieLipinki Łużyckie
0%
wielkopolskieLipka
0%
pomorskieLipnica
0%
małopolskieLipnica Murowana
0%
małopolskieLipnica Wielka
0%
świętokrzyskieLipnik
0%
śląskieLipowa
0%
pomorskieLipusz
0%
kujawsko-pomorskieLisewo
0%
małopolskieLisia Góra
0%
małopolskieLiszki
0%
mazowieckieLiw
0%
kujawsko-pomorskieLniano
0%
kujawsko-pomorskieLubanie
0%
wielkopolskieLubasz
0%
pomorskieLubichowo
0%
małopolskieLubień
0%
kujawsko-pomorskieLubień Kujawski
0%
kujawsko-pomorskieLubiewo
0%
lubuskieLubiszyn
0%
łódzkieLubochnia
0%
dolnośląskieLubomierz
0%
mazowieckieLubowidz
0%
kujawsko-pomorskieLubraniec
0%
lubuskieLubrza
0%
opolskieLubrza
0%
lubuskieLubsko
0%
opolskieLubsza
0%
mazowieckieLutocin
0%
pomorskieLuzino
0%
śląskieLyski
0%

Rozkład punktacji

Percentyl według liczby udzielonych odpowiedzi

Procent ludzi z każdym wynikiem

Twoja historia wyników

Nie rozwiązałeś tego quizu